Čechoslovackij narod protestujet protiv imperialističeskich vojennych dogovorov

Main Author: Široký, Viliam, 1902-1971
Language: Russian
Published: Praga : Orbis, 1952
Physical Description: 53 s. ; 8°
Book
Saved in:
LEADER 00721nam a22002292a 4500
001 001464150
003 CZ BrMZK
005 20151002083331.0
007 ta
008 150402s1952 xr er|||||||||||rus d
015 |a cnb000405382 
035 |a (OCoLC)85174538 
040 |a ABA001  |b cze  |c PNA001  |d ABA001  |d BOA001 
100 1 |a Široký, Viliam,  |d 1902-1971  |7 jn99240001639  |4 aut 
245 1 0 |a Čechoslovackij narod protestujet protiv imperialističeskich vojennych dogovorov 
260 |a Praga :  |b Orbis,  |c 1952 
300 |a 53 s. ;  |c 8° 
500 |a 2100 výt. 
910 |a BOA001  |b 2-0299.798 
990 |a BK 
991 |b 201503 
996 6 |b 2618833027  |c 2-0299.798  |l MZK  |r Sklad / do 24 hodin  |n 0  |w 001499156  |u 000010  |a 1  |e BOA001  |j MZK50  |s P